| 000 | 00439nam a2200181Ia 4500 | ||
|---|---|---|---|
| 008 | 230524s9999 xx 000 0 und d | ||
| 020 | _a0195691652 | ||
| 082 |
_a658.166 _bCRA |
||
| 100 | _aAndrew Crane | ||
| 245 | 0 | _aBusiness Ethics (Indian Edition) | |
| 250 | _a2ND | ||
| 260 |
_aNEW DELHI _bOxford _c2010 |
||
| 300 | _aXVII;480 | ||
| 500 | _aQuantity Number: 12 | ||
| 650 | _aManagement | ||
| 700 | _a Dirk Matten | ||
| 942 | _cBK | ||
| 999 |
_c45909 _d45909 |
||